Los nuevos escenarios internacionales y europeos del derecho y la seguridad / (Record no. 66823)

MARC details
000 -LEADER
campo de control de longitud fija 01257nam a2200265 i 4500
001 - NÚMERO DE CONTROL
campo de control 66823
003 - IDENTIFICADOR DE NÚMERO DE CONTROL
campo de control ES-MaACL
005 - FECHA Y HORA DE LA ÚLTIMA TRANSACCIÓN
campo de control 20230906165843.0
007 - CAMPO FIJO DE DESCRIPCIÓN FÍSICA--INFORMACIÓN GENERAL
campo de control de longitud fija t|
008 - DATOS DE LONGITUD FIJA--INFORMACIÓN GENERAL
campo de control de longitud fija 040405s2003 sp ||||1| spa d
080 ## - NÚMERO DE LA CLASIFICACIÓN DECIMAL UNIVERSAL
Número de la Clasificación Decimal Universal 341.23"20"(061.3)
245 04 - MENCIÓN DEL TÍTULO
Título Los nuevos escenarios internacionales y europeos del derecho y la seguridad /
Mención de responsabilidad, etc. edición a cargo de, A. del Valle Gálvez.
260 ## - PUBLICACIÓN, DISTRIBUCIÓN, ETC.
Lugar de publicación, distribución, etc. Madrid :
Nombre del editor, distribuidor, etc. Escuela Diplomática :
-- Asociación Española de Profesores de Derecho Internacionaly Relaciones Internacionales,
Fecha de publicación, distribución, etc. 2003.
300 ## - DESCRIPCIÓN FÍSICA
Extensión 252 p. ;
Dimensiones 24 cm.
490 1# - MENCIÓN DE SERIE
Mención de serie Colección Escuela Diplomática ;
Designación de volumen o secuencia 7
500 ## - NOTA GENERAL
Nota general Recoge los contenidos de las Jornadas del mismo título celebradas los días 30 y 31 de mayo de 2002 en la sede de la Escuela Diplomática.
650 14 - PUNTO DE ACCESO ADICIONAL DE MATERIA--TÉRMINO DE MATERIA
Término de materia o nombre geográfico como elemento de entrada Seguridad internacional-
Subdivisión de forma Congresos y asambleas.
9 (RLIN) 17021
650 14 - PUNTO DE ACCESO ADICIONAL DE MATERIA--TÉRMINO DE MATERIA
Término de materia o nombre geográfico como elemento de entrada Derecho internacional-
Subdivisión de forma Congresos y asambleas.
9 (RLIN) 11718
700 1# - ENTRADA AGREGADA--NOMBRE PERSONAL
Nombre de persona Valle Gálvez, J. Alejandro.
9 (RLIN) 112789
710 2# - ENTRADA AGREGADA--NOMBRE DE ENTIDAD CORPORATIVA
Nombre de entidad corporativa o nombre de jurisdicción como elemento de entrada Asociación Española de Profesores de Derecho Internacional y Relaciones Internacionales.
9 (RLIN) 1681
710 2# - ENTRADA AGREGADA--NOMBRE DE ENTIDAD CORPORATIVA
Nombre de entidad corporativa o nombre de jurisdicción como elemento de entrada Escuela Diplomática (España)
9 (RLIN) 3563
830 0# - PUNTO DE ACCESO ADICIONAL DE SERIE-TÍTULO UNIFORME
Título uniforme Colección Escuela Diplomática ;
Designación de volumen o secuencia 7
9 (RLIN) 183052
852 ## - LOCALIZACIÓN
Ubicación ES-MaACL
Número de control de estantería L-27287
Sublocalización o colección R.132899
Holdings
Estatus retirado Estado de pérdida Estado de daño No para préstamo Biblioteca de origen Biblioteca actual Ubicación en estantería Fecha de adquisición Fuente de adquisición Total de préstamos Signatura topográfica completa Código de barras Visto por última vez Precio de reemplazo Tipo de ítem Koha
        Biblioteca del Ateneo de Madrid Biblioteca del Ateneo de Madrid Depósito 2 17/01/2008     L-27287 1069991 23/02/2023 23/02/2023 Libro impreso